000 00965cpcaa2200265 4500
001 mm 79005155
003 DLC
005 20260227111650.0
008 790423|||||||||||| spa
010 _amm 79005155
040 _aDLC
_cDLC
_edacs
_dDLC
072 7 _aH
_2lcmd
100 1 _aDelgado, José Matías,
_d1767-1832.
245 0 0 _aPapers concerning José Matías Delgado,
_f1932-1946.
300 _a2
_fitems.
506 0 _aOpen to research.
533 _aIn part, typewritten transcript.
_b[S.l.].
545 0 _aEl Salvadorian patriot and clergyman.
546 _aCollection material in Spanish.
580 _aForms part of: Miscellaneous Manuscripts collection.
656 7 _aClergy.
_2itoamc
656 7 _aPatriots
_zEl Salvador.
_2itoamc
999 _c41822
_d41822